01251 2200193 4500001002100000005001500021035002000036245005600056100002600112250001700138300003200155260003300187082000800220084001400228020002200242650001400264520074300278500003601021INLIS00000000000067720240831092402 a0010-08240001951 aBudi Daya Tanaman Kangkung /cAri Wiyati Purwandari0 aAri Wiyati Purwandari aCetakan Ke-1 aiv, 59 hlm :bIlus ;c21 cm aJakarta :bAzka Press,c2006 a635 a635 ARI b a978-979-744-469-4 4aPertanian aKangkung merupakan jenis sayuran yang sudah dikenal oleh seluruh lapisan masyarakat. Saat ini, banyak dijumpai menu olahan dari kangkung terutama di restoran cina, seperti cah kangkung. Selain itu, kangkung segar sudah banyak tersedia di pasar-pasar swalayan besar. Artinya, kangkung juga dikonsumsi oleh semua lapisan masyarakat. Namun, kangkung yang bisa menembus pasar swalayan merupakan kangkung yang berkualitas bagus. Oleh karena itu, budi daya tanaman kangkung perlu dimasyarakatkan. Selain membahas tentang budi daya kangkung, buku ini juga membahas tentang hama dan penyakit yang dapat menyerang tanaman kangkung, penanganan pasca panen, serta analisis usaha untuk budi dayanya. Semoga buku ini bermanfaat dan selamat mencoba! aSeri Keterampilan Kewirausahaan